000 00696nam a2200229 a 4500
001 000039392
003 DO-SdBNP
005 20230203092042.0
007 ta
008 110913s1991 sp 000 0 spa d
040 _aDO-SdBNP
_bspa
_cBNPHU
082 4 _bM296h
_222
100 1 _aManzano Manzano, Juan
_934860
245 1 0 _aHistoria de las recopilaciones de indias :
_bSiglo XVI /
_cJuan Manzano Manzano.
250 _a3a. ed.
260 _aMadrid :
_bCultura Hispánica,
_c1991.
300 _av. ;
_c24 cm.
500 _aLa biblioteca posee tomo 1-2
500 _aIncluye referencias bibliográficas y notas al pie de las páginas
590 _aInventariado, 2023/BT
942 _2ddc
_cLBS1
999 _c38882
_d38882